00517 a2200169 450000500170000001000150001702000300003203500140006203700160007608200060009210000260009824500740012425000090019826000350020727000830024230000220032520211216103931.0 aENG-130351 c399.00a978-93-89253-08-5 aEN-113883 bDBAD / PUB aN aLakshminaray, Lavanya aAnalog And Other Simulations of Your Future:cLavany6a Lakshminarayan a2020 bHachette Indiac2020aGurugram bGurugrama4th & 5th Floors, Corporate Centre, Plot No. 94, Sector 44, e122003 a312p.c19cm (pbk)